02126nam a2200349 4500001000400000003000400004005001700008008004100025020001500066040000800081041001300089082001400102100003500116240006900151245013600220250001000356260004200366300001100408520094100419650002701360650002701387650003001414650003701444655001601481655002001497700003301517700003301550830003401583942001501617952013101632999001301763408OSt20250528074019.0250509b |||||||j |||| 00| 1 eng d a8539808684 bpor hengapor a823bJ82e1 aJordan, Penny,d1946-20119877 aPassion in the Desert Prince of the Desert & Sovereign Seduction aPaixão no DesertobPríncipe do Deserto & Soberana Sedução / cJordan, Penny ; Tradução de Marie Olivier e Carla Werneck a2 ed. aRio de JaneirobHarlequin Booksc2013 a312 p. aPRÍNCIPE DO DESERTO A virgem do sheik... Filha de um pai promíscuo, Gwynneth jurou jamais ser escrava dos desejos! Mas uma experiência ardente no reino de Zuran a deixa delirante e insegura: teria mesmo vivido uma noite de paixão com um estranho no deserto? Gwynneth nem desconfia que quase dormiu com o sheik Tariq Bin Salud. E agora ele exigirá sua virgindade! SOBERANA SEDUÇÃO Convocada para satisfazer os desejos do sheik. Kadir é governante de um reino do deserto quando descobre que também é o herdeiro do trono de Niroli. Mas ele precisa encontrar uma mulher que possa assumir ao seu lado a posição de rainha! Natalia é a escolhida. Ela ama seu país e, mesmo considerando Kadir um bárbaro, aceita o casamento. Natalia está preparada para enfrentar muitos desafios como esposa e soberana, no entanto, descobre que a cama de um selvagem e um lugar mais excitante do que ela poderia imaginar...  0aLiteratura Inglesa989 0aDesejo e Paixão9884 0aCasamento Arranjado:9885 0aProtagonista Feminina Forte9886 0aRomance923 0aFicção 922 aMarie OliviereTRADUTOR9882 aCarla WerneckeTRADUTOR9883 aColeção Penny Jordan9878 2ddcn0cBK 00102ddc40708FICaBIBIBbBIBIBcLEd2025-05-09edoaçãol0o823 / J82ep2025-17346r2025-05-09 13:36:36w2025-05-09yBK c408d408